000 01567cam a22004574i 4500
003 PE-LiUPU
005 20250731173533.0
008 150616s r 000 0 d
020 _a0801020603
035 _a(Sirsi) i9780801020605
040 _aPE-LiUPU
_bspa
_cPE-LiUPU
_erda
049 _aPRUA
082 0 4 _a225.1
_bP848n
_221
100 1 _aPorter, Stanley E.,
_eautor.
245 1 0 _aNew Testament Introduction /
_cStanley E. Porter y Lee McDonald.
264 1 _aGrand Rapids, Michigan :
_bBaker Books,
_c1995.
300 _a234 páginas ;
_c21 centímetros.
336 _atext
_2rdacontent
337 _aunmediated
_2rdamedia
338 _avolume
_2rdacarrier
490 0 _a(IBR Bibliographies ;
_vNo. 12)
505 0 _aInterpretation skills and language.- New Testament criticism and history of interpretation.- Historical backgrounds.- Introductions, commentaries and canon.
526 _aSEG42
526 _aSEG41
526 _aSEG40
526 _aSEG39
526 _aP94
526 _aP87
526 _aP86
526 _aP85
526 _aP77
526 _aP76
526 _aP35
630 _aBiblia.
_pNuevo Testamento
_xIntroducciones
700 1 _aLee Martin McDonald.
910 _ajck
942 _2ddc
_cBK
949 _a225.016 P78
_wDEWEY
_c1
_i42321
_lCCODEBUL1
_mBUL
_r0
_sY
_tBOOK
_u2015-6-16
_xTEOLOGIA
_zUNKNOWN
_0COMPRA
_o.STAFF. Colección General
999 _c60153
_d60153
980 _81
_gALBERTO SANCHEZ Responsable de Automatización